000 00601nam a22001937a 4500
005 20171219142530.0
010 _aENG-121915
020 _a9789384864200
_c960.00
035 _aEN-105447
037 _bDBAD/PUB
100 _aKadyaan,Naveen Kumar
245 _aTeaching of yoga /
_cby Naveen Kumar Kadyaan
260 _aNew Delhi
_bNisha Scientific
_c2016
270 _a5C/41,2nd floor, new Rothak road Karol Bagh
_bNew Delhi
_e110005
300 _aviii,250p.
_bill.
_c23cm(Hb)
500 _aIncludes index
700 _aKadyaan,Naveen Kumar
942 _2ddc
_cEN
_h613.704607
_mKAD
999 _c148068
_d148068